<?xml version="1.0" encoding="UTF-8"?><?xml-stylesheet type="text/xsl" href="static/style.xsl"?><OAI-PMH xmlns="http://www.openarchives.org/OAI/2.0/" xmlns:xsi="http://www.w3.org/2001/XMLSchema-instance" xsi:schemaLocation="http://www.openarchives.org/OAI/2.0/ http://www.openarchives.org/OAI/2.0/OAI-PMH.xsd"><responseDate>2026-06-03T01:31:22Z</responseDate><request verb="GetRecord" identifier="oai:riuma.uma.es:10630/28346" metadataPrefix="marc">https://riuma.uma.es/rest/oai/request</request><GetRecord><record><header><identifier>oai:riuma.uma.es:10630/28346</identifier><datestamp>2026-02-03T12:13:27Z</datestamp><setSpec>com_10630_2254</setSpec><setSpec>col_10630_37959</setSpec></header><metadata><record xmlns="http://www.loc.gov/MARC21/slim" xmlns:dcterms="http://purl.org/dc/terms/" xmlns:doc="http://www.lyncode.com/xoai" xmlns:xsi="http://www.w3.org/2001/XMLSchema-instance" xsi:schemaLocation="http://www.loc.gov/MARC21/slim http://www.loc.gov/standards/marcxml/schema/MARC21slim.xsd">
   <leader>00925njm 22002777a 4500</leader>
   <datafield ind2=" " ind1=" " tag="042">
      <subfield code="a">dc</subfield>
   </datafield>
   <datafield ind2=" " ind1=" " tag="720">
      <subfield code="a">Peña-Trapero, Noemí</subfield>
      <subfield code="e">author</subfield>
   </datafield>
   <datafield ind2=" " ind1=" " tag="260">
      <subfield code="c">2023</subfield>
   </datafield>
   <datafield ind2=" " ind1=" " tag="520">
      <subfield code="a">En esta comunicación se muestra el inicio de una nueva línea de investigación dentro del ámbito de Lesson Study, creando equipos heterogéneos y representativos tanto de la formación inicial (aprendices de maestras) como de la formación permanente (maestras en activo) del profesorado. Para ello se muestra cómo durante el curso académico 2022/2023, una tutora académica de la Universidad de Málaga (que actúa como facilitadora del proceso de Lesson Study) invita a participar en el ciclo de Lesson Study de dos estudiantes de maestras a sus tutoras profesionales de la escuela. Estableciendo así la tan necesaria conexión entre escuela y universidad.</subfield>
   </datafield>
   <datafield ind1="8" ind2=" " tag="024">
      <subfield code="a">Peña Trapero Noemí (2023). Cooperation through Lesson Study Cycles. Connections between initial and in-service teacher training. Paper presented at World Association of Lesson and Learning Studies International Conference WALS 2023. Zwolle, 27-29 November 2023.</subfield>
   </datafield>
   <datafield ind1="8" ind2=" " tag="024">
      <subfield code="a">https://hdl.handle.net/10630/28346</subfield>
   </datafield>
   <datafield tag="653" ind2=" " ind1=" ">
      <subfield code="a">Profesores - Formación profesional</subfield>
   </datafield>
   <datafield tag="653" ind2=" " ind1=" ">
      <subfield code="a">Didáctica</subfield>
   </datafield>
   <datafield ind2="0" ind1="0" tag="245">
      <subfield code="a">Cooperation through lesson study cycles: connections between initial and in-service teacher training</subfield>
   </datafield>
</record>
</metadata></record></GetRecord></OAI-PMH>